Sport mladých /

Hlavní autor: Jandera, Otakar, 1898-1977
Jazyk: Čeština
Vydáno: [Praha] : Práce, 1949
Vydání: 2. vydání
Fyzický popis: 274 stran ; 8°
Knihy
Uloženo v:
LEADER 00914nam a22002772i 4500
001 001497426
003 CZ BrMZK
005 20151201111339.0
007 ta
008 151119s1949 xr er|||||||||||cze d
015 |a cnb000713719 
035 |a (OCoLC)85433446 
040 |a ABA001  |b cze  |c CBA001  |d ABA001  |d OLA001  |d BOA001  |e rda 
100 1 |a Jandera, Otakar,  |d 1898-1977  |7 jk01050880  |4 aut 
245 1 0 |a Sport mladých /  |c Otakar Jandera 
250 |a 2. vydání 
264 1 |a [Praha] :  |b Práce,  |c 1949 
300 |a 274 stran ;  |c 8° 
336 |a text  |b txt  |2 rdacontent 
337 |a bez média  |b n  |2 rdamedia 
338 |a svazek  |b nc  |2 rdacarrier 
910 |a BOA001  |b 2-0237.683 
990 |a BK 
991 |b 201510 
996 6 |b 2618739761  |c 2-0237.683  |l MZK  |r Sklad / do 24 hodin  |n 0  |w 001532523  |u 000020  |a 1  |e BOA001  |j MZK50  |s P 
996 7 |b 2618739762  |c 2-0237.683  |l MZK  |r Sklad / do 24 hodin  |n 0  |w 001532523  |u 000010  |a 1  |e BOA001  |j MZK50  |s A